000 00310nam a2200145 4500
008 210531b ||||| |||| 00| 0 eng d
020 _a9781454815488
041 _aeng
080 _22nd
_a34
082 _a34
100 _a16
101 _aJUR
245 _aCivil Procedure
_cGlannon,J.W
942 _2ddc
_cBK
999 _c57853
_d57853